Clientelismo político: ¿existe el fantasma y cómo se viste? /
El artículo examina las definiciones del concepto de clientelismo para proponer una definición universal. En primer término, se consideran diferentes subtipos de clientelismo que explican su capacidad de adaptarse a circunstancias cambiantes. Luego, se extiende el concepto a partidos políticos clien...
Furkejuvvon:
| Váldodahkki: | |
|---|---|
| Materiálatiipa: | Texto |
| Fáttát: | |
| Fáddágilkorat: |
Lasit fáddágilkoriid
Eai fáddágilkorat, Lasit vuosttaš fáddágilkora!
|
MARC
| LEADER | 00000 a a2200000 04500 | ||
|---|---|---|---|
| 001 | 40397 | ||
| 003 | |||
| 040 | |||
| 100 | |a Schröter, Barbara | ||
| 245 | |a Clientelismo político: |b ¿existe el fantasma y cómo se viste? / |c Barbara Schröter | ||
| 500 | |a barbara.schroeter@gmx.de | ||
| 520 | |a El artículo examina las definiciones del concepto de clientelismo para proponer una definición universal. En primer término, se consideran diferentes subtipos de clientelismo que explican su capacidad de adaptarse a circunstancias cambiantes. Luego, se extiende el concepto a partidos políticos clientelares, su forma de organización y sus estrategias para ganar elecciones. | ||
| 590 | |a DISEMINAR052011/RRA/JUNIO2011 | ||
| 650 | |a 1.CLIENTELISMO POLITICO | ||
| 650 | |a 2.TEORIA POLITICA | ||
| 650 | |a 3.COMPORTAMIENTO POLITICO | ||
| 650 | |a 4.CIENCIA POLITICA | ||
| 650 | |a 5.PARTIDOS POLITICOS | ||
| 773 | |g volumen72, número1 ( , 2010), páginas 141-175 | ||
| 999 | |c 29900 |d 29900 | ||
